BIBLIOTHÈQUE DE LA MAISON DU MEXIQUE

Logo 1 Logo 2

Se tosaasaanil, se tosaasaanil (notice nᵒ 9005)

détails MARC
000 -Sello discográfico
campo de control de longitud fija 01337nam a2200361 4500
005 - Identificación de versión
campo de control 20251016085126.0
010 ## - Número Estándar Internacional de Libros (ISBN)
Número (ISBN) 968-496-223-1
099 ## - fechas locales
Tipo de ítem Koha LIBRO
100 ## - Datos de procesamiento general
Datos de procesamiento general 20021230d1992 m y1spay5003 ba
101 ## - Idioma del recurso
Idioma del texto, banda sonora, etc. Español; Castellano
-- Lenguas náhuatl
105 ## - Campo de datos codificados: Material textual, monográfico
Datos codificados de monografía a 001zy
200 1# - Título y mención de responsabilidad
Título propio Se tosaasaanil, se tosaasaanil
Designación general del material texto impreso
Otra información del título adivinanzas nahuas de ayer y hoy
Primer mención de responsabilidad Arnulfo G. Ramírez, José Antonio Flores, Leopoldo Valiñas
Declaración de responsabilidad subsiguiente ilustraciones Cleofas Ramírez Celestino
205 ## - Declaración de edición
Declaración de edición 1a ed
210 ## - Publicación, distribución, etc.
Lugar de publicación, distribución, etc. México
Nombre del editor, distribuidor, etc. Centro de Investigaciones y Estudios Superiores en Antropología Social
-- Instituto Nacional Indigenista
Fecha de publicación, distribución, etc. 1992
215 ## - Descripción física
Designación de material específico y extensión del ítem 87 p
Otras características físicas il.
Dimensiones 27 cm
300 ## - Notas generales
Texto de la nota Título y textos en español y náhuatl
327 ## - Nota de contenidos
Texto de la nota Con un poema de Alfredo Ramírez Celestino
345 ## - Nota de información de adquisición
Fuente de adquisición/dirección de la suscripción [OBSOLETO] Donación Alain Musset
606 ## - Término temático usado como materia
Elemento de entrada Adivinanzas nahuas
Número Koha 15323
606 ## - Término temático usado como materia
Elemento de entrada Nahuas (Indios)
Subdivisión temática Folklore
Número Koha 15324
660 ## - Código de área geográfica
Código MX
700 ## - Nombre personal - Responsabilidad primaria
Elemento de entrada Ramírez
Parte del nombre distinta del elemento de entrada Arnulfo G.
Fechas 1943-
Número Koha 15325
701 ## - Nombre personal - Responsabilidad alternativa
Elemento de entrada Flores
Parte del nombre distinta del elemento de entrada José Antonio
Número Koha 15326
701 ## - Nombre personal - Responsabilidad alternativa
Elemento de entrada Valiñas Coalla
Parte del nombre distinta del elemento de entrada Leopoldo
Fechas 1955-2022
Número Koha 15327
702 ## - Nombre personal - Responsabilidad secundaria
Elemento de entrada Ramírez Celestino
Parte del nombre distinta del elemento de entrada Cleofás
Número Koha 8132
801 #0 - Fuente de origen
País FR
Agencia cm
Reglas de catalogación (convenciones descriptivas) AFNOR
900 ## -
-- 1/3431
900 ## -
-- 7100215222\301202
942 ## - ELEMENTOS DE ENTRADA SECUNDARIOS (KOHA)
Tipo de ítem Koha Livre
996 ## -
-- MEX
-- 751145101
-- MMAG
-- 007415
-- 398.6 R173A
-- 20230209LIV
Exemplaires
Estatus retirado Estado de daño Estado de pérdida Fecha de adquisición Biblioteca de origen Biblioteca actual Ubicación en estantería Código de barras Precio de reemplazo Signatura topográfica completa No para préstamo Tipo de ítem Koha Nota pública Nota no pública
      05/08/2025 Casa México Paris Casa México Paris   007415 05/08/2025 398.6 R173A   Livre 20230209LIV 751145101